| 000 | 01494cam a2200289 a 4500 | ||
|---|---|---|---|
| 001 | 1597625 | ||
| 005 | 20081017084351.0 | ||
| 008 | 940622s1995 enkab b 001 0 eng | ||
| 010 | _a 94028504 | ||
| 020 |
_a9780198548560 _c22.50 ($33.75 U.S.) |
||
| 040 |
_aDLC _cDLC _dDLC |
||
| 050 | 0 | 0 |
_aTN271.P4 _bS86 1995 |
| 082 | 0 | 0 |
_a622.1828 _222 _bSTO |
| 100 | 1 |
_aStoneley, R. _q(Robert), _d1929-2008. _99724 |
|
| 245 | 1 | 0 |
_aIntroduction to Petroleum Exploration for Non-Geologists / _cRobert Stoneley |
| 260 |
_aOxford ; _bOxford University Press, _c1995. |
||
| 300 |
_aviii, 119 p. : _bill., maps ; _c25 cm. |
||
| 504 | _aIncludes bibliographical references p. 109-110 and index. | ||
| 650 | 0 |
_aPetroleum _xProspecting _vPopular works. _99725 |
|
| 650 | 0 |
_aPetroleum _xGeology _vPopular works. _99726 |
|
| 856 | 4 | 2 |
_3Publisher description _uhttp://www.loc.gov/catdir/enhancements/fy0603/94028504-d.html |
| 856 | 4 | 1 |
_3Table of contents only _uhttp://www.loc.gov/catdir/enhancements/fy0603/94028504-t.html |
| 942 |
_2ddc _cBB |
||
| 999 |
_c13002 _d13002 |
||